<?xml version="1.0" encoding="UTF-8"?>
<record
    xmlns:xsi="http://www.w3.org/2001/XMLSchema-instance"
    xsi:schemaLocation="http://www.loc.gov/MARC21/slim http://www.loc.gov/standards/marcxml/schema/MARC21slim.xsd"
    xmlns="http://www.loc.gov/MARC21/slim">

  <leader>01417nam a22003015i 4500</leader>
  <controlfield tag="001">160692</controlfield>
  <controlfield tag="003">ES-MaACL</controlfield>
  <controlfield tag="005">20250816234037.0</controlfield>
  <controlfield tag="008">990618s1767    it f         |||| | lat d</controlfield>
  <datafield tag="040" ind1=" " ind2=" ">
    <subfield code="a">CCPB | B </subfield>
    <subfield code="b">spa </subfield>
    <subfield code="c">CCPB | B</subfield>
  </datafield>
  <datafield tag="100" ind1="1" ind2=" ">
    <subfield code="a">Nieupoort, Wilem Hendrik.</subfield>
    <subfield code="9">130488</subfield>
  </datafield>
  <datafield tag="245" ind1="1" ind2="0">
    <subfield code="a">Rituum qui olim apud romanos obtinuerunt succincta explicatio </subfield>
    <subfield code="b">: ad intelligentiam veterum auctorum facili methodo conscripta / </subfield>
    <subfield code="c">a G.H. Nieupoort.</subfield>
  </datafield>
  <datafield tag="250" ind1=" " ind2=" ">
    <subfield code="a">Editio novissima </subfield>
    <subfield code="b">a pluribusa, que in ceters irreplerant, mendis, expurgata, atque aennis tabulis ilustrata Ciu praeter Cl. Joan Matthaei Gesneri, accendunt perpetuae Guil. Oth. Reizi, atquae ejus Fratris Joannis Friederci adnotationes.</subfield>
  </datafield>
  <datafield tag="260" ind1=" " ind2=" ">
    <subfield code="a">In Typographia Bassanensi : </subfield>
    <subfield code="b">sumptibus Remondinianis, </subfield>
    <subfield code="c">1767.</subfield>
  </datafield>
  <datafield tag="300" ind1=" " ind2=" ">
    <subfield code="a">XXIV, 371, [1] h. de grab., [3] h. de l&#xE1;m. pleg. ; </subfield>
    <subfield code="c">12&#xBA;.</subfield>
  </datafield>
  <datafield tag="596" ind1=" " ind2=" ">
    <subfield code="a">Marca tip. en port.</subfield>
  </datafield>
  <datafield tag="597" ind1=" " ind2=" ">
    <subfield code="a">Sign.: *\p12\s, A-P\p12\s, Q\p6\s.</subfield>
  </datafield>
  <datafield tag="599" ind1=" " ind2=" ">
    <subfield code="a">L&#xE1;minas son grab. calc.</subfield>
  </datafield>
  <datafield tag="650" ind1=" " ind2="7">
    <subfield code="a">Ritos y ceremonias-</subfield>
    <subfield code="z">Roma</subfield>
    <subfield code="2"></subfield>
    <subfield code="9">141755</subfield>
  </datafield>
  <datafield tag="651" ind1=" " ind2="4">
    <subfield code="a">Roma-</subfield>
    <subfield code="x">Usos y costumbres.</subfield>
    <subfield code="9">9321</subfield>
  </datafield>
  <datafield tag="700" ind1="1" ind2=" ">
    <subfield code="a">Remondini, Giuseppe,</subfield>
    <subfield code="d">fl.1773-1811</subfield>
    <subfield code="9">241383</subfield>
  </datafield>
  <datafield tag="700" ind1="1" ind2=" ">
    <subfield code="a">Gesneri, Johann Mathias.</subfield>
    <subfield code="9">127297</subfield>
  </datafield>
  <datafield tag="700" ind1="1" ind2=" ">
    <subfield code="a">Reizius, Wielhem Otto.</subfield>
    <subfield code="9">131682</subfield>
  </datafield>
  <datafield tag="700" ind1="1" ind2=" ">
    <subfield code="a">Friderici, Johann.</subfield>
    <subfield code="9">127150</subfield>
  </datafield>
  <datafield tag="752" ind1=" " ind2=" ">
    <subfield code="a">Italia - </subfield>
    <subfield code="d">Bassano</subfield>
  </datafield>
  <datafield tag="852" ind1=" " ind2=" ">
    <subfield code="a">ES-MaACL</subfield>
    <subfield code="j">R-494    </subfield>
    <subfield code="x">Olim: D-461      </subfield>
    <subfield code="z">-- Enc. perg.</subfield>
  </datafield>
  <datafield tag="999" ind1=" " ind2=" ">
    <subfield code="c">160692</subfield>
    <subfield code="d">160692</subfield>
  </datafield>
  <datafield tag="952" ind1=" " ind2=" ">
    <subfield code="0">0</subfield>
    <subfield code="1">0</subfield>
    <subfield code="4">0</subfield>
    <subfield code="7">0</subfield>
    <subfield code="8">LIBXVIII</subfield>
    <subfield code="a">ATENEOM</subfield>
    <subfield code="b">ATENEOM</subfield>
    <subfield code="c">DEPO</subfield>
    <subfield code="d">2008-01-17</subfield>
    <subfield code="e">SSC</subfield>
    <subfield code="l">0</subfield>
    <subfield code="o">R-494</subfield>
    <subfield code="p">1168271</subfield>
    <subfield code="r">2023-02-23 00:00:00</subfield>
    <subfield code="w">2023-02-23</subfield>
    <subfield code="y">MONANT</subfield>
  </datafield>
</record>
